000 00338nam a2200145Ia 4500
005 20251222154410.0
008 251222s9999||||xx |||||||||||||| ||spa||
020 _a8422610450
082 _a800/P99
100 _aPuzo, Mario
245 0 _aLos Tontos no Mueren
250 _a6ta.ed.
264 _bEdiciones Grijalbo, S.A.
942 _cLIB
999 _c35616
_d35616